| 000 | 00401nam a2200145Ia 4500 | ||
|---|---|---|---|
| 008 | 230312s9999||||xx |||||||||||||| ||und|| | ||
| 020 | _a0-7817-7934-0 | ||
| 082 |
_a615.1 _bALL-A |
||
| 100 | _aNicholas,G.Popovich | ||
| 245 | 0 | _aAnsel'S Pharmaceutical Dosage Forms and Drug Delivery Systems | |
| 260 |
_bLippioncott _aIndia _c2011 |
||
| 300 | _a710 | ||
| 650 |
_aPharmacy _vPharmaceutics |
||
| 942 | _cBK | ||
| 999 |
_c11287 _d11287 |
||